| 000 | 01310cam a2200289Ia 4500 | ||
|---|---|---|---|
| 001 | funwithwatercolo00lync | ||
| 003 | CaSfIA | ||
| 005 | 20210118085105.0 | ||
| 007 | cr|||| | ||
| 008 | 890417s1988 flua 000 0 eng d | ||
| 040 |
_aIVS _cIVS _dOCLCQ _dOCLCG _dCaSfIA |
||
| 020 | _a0943295033 | ||
| 020 | _a9780943295039 | ||
| 035 | _a(OCoLC)19558031 | ||
| 092 |
_a751.42 _bLyn |
||
| 100 | 1 |
_aLynch, Tom, _d1950- |
|
| 245 | 1 | 0 |
_aFun with watercolor / _h[electronic resource] _cTom Lynch. |
| 260 |
_aDelray Beach, Fla. : _bGraphics Plus of Florida, _c1988. |
||
| 300 |
_a72 p. : _bill. (chiefly col.) ; _c28 cm. |
||
| 500 | _a"This book is based on the television series Fun with watercolor." | ||
| 650 | 0 |
_aWatercolor painting _xTechnique. |
|
| 856 | 4 | 1 |
_uhttp://www.archive.org/details/funwithwatercolo00lync _zFree eBook from the Internet Archive |
| 856 | 4 | 2 |
_uhttp://www.openlibrary.org/books/OL11546945M _zAdditional information and access via Open Library |
| 942 | _cEB | ||
| 506 | _fНеобхідна авторизація на https://archive.org/ (створення облікового запису безкоштовно) | ||
| 506 | _fНеобхідна авторизація на https://openlibrary.org/ (створення облікового запису безкоштовно) | ||
| 999 |
_c499789 _d499789 |
||